ARRUPE JESUIT UNIVERSITY

CORONAVIRUS -STOP THE SPREAD - CLEAN,DISINFECT,COVER

Timeless healing : (Record no. 121950)

MARC details
000 -LEADER
fixed length control field 01017mam a2200325 a 4500
001 - CONTROL NUMBER
control field 1989460
003 - CONTROL NUMBER IDENTIFIER
control field ARRUPE
005 - DATE AND TIME OF LATEST TRANSACTION
control field 20150304020007.0
008 - FIXED-LENGTH DATA ELEMENTS--GENERAL INFORMATION
fixed length control field 961112r19971996nyua b 001 0 eng
010 ## - LIBRARY OF CONGRESS CONTROL NUMBER
LC control number 96049270
020 ## - INTERNATIONAL STANDARD BOOK NUMBER
International Standard Book Number 0684831465
035 ## - SYSTEM CONTROL NUMBER
System control number (OCoLC)ocm35986296
035 ## - SYSTEM CONTROL NUMBER
System control number (NNC)1989460
040 ## - CATALOGING SOURCE
Original cataloging agency DLC
Transcribing agency DLC
050 00 - LIBRARY OF CONGRESS CALL NUMBER
Classification number RZ400
Item number .B45 1997
082 00 - DEWEY DECIMAL CLASSIFICATION NUMBER
Classification number 615.8/52
Edition number 21
300 ## - PHYSICAL DESCRIPTION
Other physical details ill. ;
Dimensions 22 cm.
100 1# - MAIN ENTRY--PERSONAL NAME
Personal name Benson, Herbert,
Dates associated with a name 1935-
9 (RLIN) 14808
245 10 - TITLE STATEMENT
Title Timeless healing :
Remainder of title the power and biology of belief /
Statement of responsibility, etc by Herbert Benson, with Marg Stark.
250 ## - EDITION STATEMENT
Edition statement 1st Fireside ed.
260 ## - PUBLICATION, DISTRIBUTION, ETC. (IMPRINT)
Place of publication, distribution, etc New York :
Name of publisher, distributor, etc Simon & Schuster,
Date of publication, distribution, etc 1997.
300 ## - PHYSICAL DESCRIPTION
Extent 350 p. :
500 ## - GENERAL NOTE
General note Originally published: New York : Scribner, 1996.
504 ## - BIBLIOGRAPHY, ETC. NOTE
Bibliography, etc Includes bibliographical references and index.
650 #0 - SUBJECT ADDED ENTRY--TOPICAL TERM
Topical term or geographic name as entry element Mental healing.
9 (RLIN) 14809
650 #0 - SUBJECT ADDED ENTRY--TOPICAL TERM
Topical term or geographic name as entry element Therapeutics, Suggestive.
9 (RLIN) 14810
700 1# - ADDED ENTRY--PERSONAL NAME
Personal name Stark, Marg.
9 (RLIN) 14811
900 ## - EQUIVALENCE OR CROSS-REFERENCE-PERSONAL NAME [LOCAL, CANADA]
Numeration TOC
942 ## - ADDED ENTRY ELEMENTS (KOHA)
Source of classification or shelving scheme Library of Congress Classification
Koha item type Monograph ( Printed materials)
Koha issues (borrowed), all copies 1
948 2# - LOCAL PROCESSING INFORMATION (OCLC); SERIES PART DESIGNATOR (RLIN)
Series part designator, SPT (RLIN) 20060118
b (OCLC) a
c (OCLC) rad1
d (OCLC) MPS
Holdings
Withdrawn status Lost status Source of classification or shelving scheme Damaged status Not for loan Collection code Home library Current library Shelving location Date acquired Total Checkouts Full call number Barcode Date last seen Date checked out Price effective from Koha item type
    Library of Congress Classification     Main Collection ARRUPE LIBRARY ARRUPE LIBRARY Main Collection 29/01/2015 1 RZ400 .B45 1997 46500001122 10/09/2019 03/03/2015 29/01/2015 Monograph ( Printed materials)

 

Arrupe Library. PO Box MP320 Mt Pleasant, Harare, Zimbabwe
263 242 745411|librarian@aju.ac.zw